| 000 | 01163cam a2200301 a 4500 | ||
|---|---|---|---|
| 001 | 4303 | ||
| 003 | BD-RjUL | ||
| 005 | 20211208233853.0 | ||
| 008 | 131222s1994 enk b 001 0 eng | ||
| 020 | _a0198258429 (acidfree paper) | ||
| 035 | _a(BD-RjUL)4338 | ||
| 040 |
_aDLC _cDLC _dDLC _dBD-RjUL _beng |
||
| 041 | _aeng | ||
| 082 | 0 | 0 |
_a341.37 _220 _bKOT 1994 |
| 100 | 1 |
_aKontou, Nancy. _913631 |
|
| 245 | 1 | 4 |
_aThe termination and revision of treaties in the light of new customary international law / _cNancy Kontou. |
| 260 |
_aOxford : _bClarendon Press ; _aNew York : _bOxford University Press, _cc1994. |
||
| 300 |
_axvii, 169 p. ; _c24 cm. |
||
| 500 | _aRevision of the author's thesis (doctoral--University of Cambridge, England, 1990). | ||
| 504 | _aIncludes bibliographical references (p. [158]-166) and index. | ||
| 650 | 0 |
_aTreaties _xTermination. _913633 |
|
| 650 | 0 |
_aCustomary law, International. _913634 |
|
| 856 | 4 | 2 |
_3Publisher description _uhttp://www.loc.gov/catdir/enhancements/fy0603/94018804-d.html |
| 942 |
_2ddc _cBK |
||
| 999 |
_c4303 _d4303 |
||